| 000 | 00675nam a22001577a 4500 | ||
|---|---|---|---|
| 003 | OSt | ||
| 005 | 20150930150152.0 | ||
| 008 | 150930b xxu||||| |||| 00| 0 eng d | ||
| 040 | _cRUA | ||
| 082 | _aAGR SOU 2008 B063 Or.1 | ||
| 100 |
_91612 _aSOUN, SUNTHAN. |
||
| 245 | _aEtudes du sol acide et ses composants dans la region de kraol kou (province de svayrieng), កាសិក្សាអំពីជីអាស៊ីត និងសមាសធាតុផ្សំរបស់វានៅក្នុងភូមិក្រោលគោ ខេត្តស្វាយរៀង | ||
| 260 |
_aPhnom Penh _bRUA _c2008 |
||
| 300 |
_avii; 38p. _bill. _c29cm. |
||
| 942 |
_2ddc _cAGR |
||
| 999 |
_c1521 _d1521 |
||